书目信息 |
| 题名: |
口语训练
|
|
| 作者: | 刘桂传 , 刘敏 主编 | |
| 分册: | ||
| 出版信息: | 济南 山东大学出版社 2000 |
|
| 页数: | 327页 | |
| 开本: | 20cm | |
| 丛书名: | ||
| 单 册: | ||
| 中图分类: | H193.2 | |
| 科图分类: | ||
| 主题词: | 汉语 , 口语 , 汉语--口语--专业学校--教材 | |
| 电子资源: | ||
| ISBN: | 7-5607-2156-7 | |
| 000 | 00794nam0 2200265 450 | |
| 001 | 010010009776 | |
| 005 | 20061121085105.51 | |
| 010 | @a7-5607-2156-7@dCNY13.80 | |
| 100 | @a20050325e20032000em y0chiy0110 ea | |
| 101 | 0 | @achi |
| 102 | @aCN@b370000 | |
| 105 | @ay z 000yy | |
| 200 | 1 | @a口语训练@9kou yu xun lian@f刘桂传,刘敏主编 |
| 210 | @a济南@c山东大学出版社@d2000@h2003 | |
| 215 | @a327页@d20cm | |
| 300 | @a山东省职业学校(院)通用教材 | |
| 330 | @a本书包括汉语口语基础训练、口语基本技巧训练、独白体口语训练、会话体口语训练等内容。 | |
| 606 | 0 | @a汉语 |
| 606 | 0 | @a口语 |
| 606 | 0 | @a汉语@x口语@x专业学校@j教材 |
| 690 | @aH193.2@v4 | |
| 701 | 0 | @a刘桂传@9liu gui chuan@4主编 |
| 701 | 0 | @a刘敏@9liu min@4主编 |
| 801 | 0 | @aCN@bRENTIAN@c20061121 |
| 905 | @a10447@dH193.2@e216 | |
| 口语训练/刘桂传,刘敏主编.-济南:山东大学出版社,2000(2003) |
| 327页;20cm |
| 山东省职业学校(院)通用教材 |
| ISBN 7-5607-2156-7:CNY13.80 |
| 本书包括汉语口语基础训练、口语基本技巧训练、独白体口语训练、会话体口语训练等内容。 |
| ● |
| 相关链接 |
|
|
|
|
正题名:口语训练
索取号:H193.2/216
 
预约/预借
| 序号 | 登录号 | 条形码 | 馆藏地/架位号 | 状态 | 备注 |
| 1 | 0394387 | 203943876 | 第二样本阅览室/ [索取号:H193.2/216] | 在馆 | |
| 2 | 0394388 | 203943885 | 第四借阅区/ [索取号:H193.2/216] | 在馆 | |
| 3 | 0394389 | 203943894 | 第四借阅区/ [索取号:H193.2/216] | 在馆 | |
| 4 | 0394390 | 203943901 | 第四借阅区/ [索取号:H193.2/216] | 在馆 | |
| 5 | 0394391 | 203943910 | 第四借阅区/ [索取号:H193.2/216] | 在馆 |